Sign of the Times - Harry Styles (All Lyrics) - Statistics

General Stats
  • This quiz has been taken 88 times
  • The average score is 293 of 362
Answer Stats
Lyrics % Correct
a
99%
I
99%
of
99%
the
99%
just
97%
time
97%
sign
96%
stop
96%
times
96%
we
96%
you
96%
crying,
94%
your
94%
it's
93%
to
93%
to,
93%
away
91%
be
91%
get
90%
here
87%
hope
87%
best
85%
clothes
85%
final
84%
from
84%
got
84%
show
84%
welcome
84%
before
81%
you're
81%
been
79%
wearing
79%
can
76%
we've
76%
gotta
75%
never
75%
why
75%
on
74%
always
72%
are
72%
bullet
72%
can't
72%
ever
72%
good
72%
alright
71%
and
71%
learn
71%
learn,
71%
learn?
71%
way
71%
pretty
69%
really
69%
sky
69%
bullets,
68%
bullets?
68%
bullets
68%
but
68%
down
68%
run
68%
stuck
68%
will
68%
door
66%
look
66%
is
65%
running
65%
have
62%
life
62%
me
62%
baby,
60%
it'll
60%
ain't
59%
don't
59%
that
59%
all
57%
end
57%
should
57%
too
57%
know
54%
near
54%
what
54%
talk
53%
open
51%
up
51%
enough
50%
somewhere
50%
they
50%
far
49%
much
49%
told
49%
bribe
47%
atmosphere
46%
everything
44%
again
43%
meet
43%
remember
43%
things
37%
through
37%
breaking
34%
if
29%
No matching quizzes found
Score Distribution
Percent of People with Each Score
Percentile by Number Answered
Your Score History
You have not taken this quiz